Statistics for Muppets from Space Characters Quiz

Click here to take the quiz!

General Stats

  • This quiz has been taken 9 times
  • The average score is 17 of 34

Answer Stats

Actor/ActressDescriptionCharacter% Correct
Frank OzA savage, frenzied drummer for Dr. Teeth and the Electric MayhemAnimal
88%
John KennedyThe gravelly-voiced leader and keyboard player and of the bandDr. Teeth
88%
Dave GoelzAn eccentric hooked-nosed stunt performer and performance artistGonzo
88%
Steve WhitmireA pragmatic frog who is the straight man protagonist and de facto leader of the Muppet ensembleKermit
88%
Bill BarrettaA scheming and sassy Latino king prawnPepe
88%
Steve WhitmireA sly brown rat from the inner cityRizzo
88%
Frank OzA patriotic bald eagle and the group's self-proclaimed delegator of conservative valuesSam Eagle
88%
Steve WhitmireBunsen's lab assistant who performs ill-fated experiments which often results in him getting seriously injuredBeaker
75%
Dave GoelzAn inventive, yet aloof scientist who frequently performs science experiments and invention demonstrations that typically go awry and has an "affable cluelessness" whenever his assistant, Beaker, is a victim of these presentationsBunsen Honeydew
75%
Frank OzA naive, comically-disinclined bearFozzie
75%
Jeffrey TamborThe head of C.O.V.N.E.T. and a self-explained paranoid, delusional psychopathK. Edgar "Ed" Singer
75%
Jerry NelsonKermit's young, sweet-voiced nephewRobin
63%
Adam HuntThe loyal stage manager and gofer of the Muppet Theater and nephew of its owner J.P. GrosseScooter
63%
Jerry NelsonAn elderly and grouchy gentleman who constantly heckles the Muppets from the audience, specifically from an upper balcony boxStatler
63%
John HensonA very large, imposing and hairy ogre about nine feet tallSweetums
63%
Dave GoelzAn elderly and grouchy gentleman who constantly heckles the Muppets from the audience, specifically from an upper balcony boxWaldorf
63%
Bill BarrettaAn imposing, yet easily amused and befuddled brown bearBobo
50%
Kevin ClashA violet-colored catfish-faced character with multicolored dreadlocksClifford
50%
Brian HensonA friend of Johnny FiamaSal Minella
50%
Andie MacDowellA UFO Mania anchorwomanShelley Snipes
50%
Steve WhitmireA small rabbitBean Bunny
38%
Jerry NelsonThe cynical "hippie" bass playerFloyd Pepper
38%
Pat HingleA military official who K. Edgar Singer reports toGeneral Luft
38%
Bill BarrettaA friend of Sal MinellaJohnny Fiama
38%
Bill BarrettaA tough-talking ratBubba
25%
David ArquetteA sadistic scientist that works at C.O.V.N.E.T. and is in charge of the medical research that involves the ratsDr. Tucker
25%
Ray LiottaThe gate guard at C.O.V.N.E.T.Gate Guard
25%
Hollywood HoganAn operative of C.O.V.N.E.T.Man in Black
25%
Josh CharlesAn operative of C.O.V.N.E.T.Agent Baker
13%
Kathy GriffinAn operative of C.O.V.N.E.T.Female Armed Guard
13%
Rob SchneiderThe TV producer of UFO ManiaMartin
13%
Kati HolmesA character from Dawson's CreekJoey Potter
0%
Frank OzA temperamental diva pig who is the Muppets' break-out and "authentic superstar"Misss Piggy
0%
Joshua JacksonA character from Dawson's CreekPacey Witter
0%

Score Distribution

Percentile by Number Answered

Percent of People with Each Score

Your Score History

You have not taken this quiz